|
|
|
|
| LEADER |
00000cam a2200000 7i4500 |
| 001 |
0000007241 |
| 005 |
20151222.0 |
| 008 |
070829 |
| 020 |
|
|
|a 9832747961(set)
|
| 020 |
|
|
|a 983274797X
|
| 090 |
0 |
0 |
|a HEA
|b MAL
|
| 100 |
0 |
|
|a Zulhilmi bin Abdul Razak
|
| 245 |
1 |
0 |
|a Barah & AIDS
|c Zulhilmi bin Abdul Razak; Revathi Sivalingam
|
| 260 |
|
|
|a Selangor :
|b EDU Quest Publisher ,
|c 2006
|
| 440 |
|
|
|a Siri penyakit
|
| 500 |
|
|
|a Children ages 10-12 years old (pink)
|
| 650 |
|
0 |
|a Health
|x Education
|
| 700 |
0 |
|
|a Revathi Sivalingam
|
| 999 |
|
|
|a 0000989463
|b Book
|c Children Collection
|e Cawangan Batu Pahat
|
| 999 |
|
|
|a 0000989464
|b Book
|c Children Collection
|e Cawangan Sri Merlong
|
| 999 |
|
|
|a 0000989465
|b Book
|c Children Collection
|e Perbadanan Perpustakaan Awam Johor
|
| 999 |
|
|
|a 0000989466
|b Book
|c Children Collection
|e Perbadanan Perpustakaan Awam Johor
|
| 999 |
|
|
|a 0001014825
|b Book
|c Adult Collection
|e Cawangan Bandar Penawar
|
| 999 |
|
|
|a 0001014826
|b Book
|c Children Collection
|e Cawangan Bandar Penawar
|
| 999 |
|
|
|a 0001014827
|b Book
|c Children Collection
|e Cawangan Pontian
|
| 999 |
|
|
|a 0001014828
|b Book
|c Children Collection
|e Cawangan Taman Universiti
|